[Event "GER-ch Youth ODJM 2019"]
[Site "Willingen"]
[Date "2019.06.12"]
[Round "6.12"]
[White "Leser, Katrin"]
[Black "Dietz, Florian"]
[Result "1-0"]
[WhiteElo "2036"]
[BlackElo "2139"]
[Annotator "NA"]
[PlyCount "82"]
[EventDate "2019.06.07"]
[EventType "swiss"]
[EventRounds "9"]
[EventCountry "GER"]
[SourceTitle "playchess.com"]
[Source "ChessBase"]
[SourceQuality "1"]
[TimeControl "40/5400+30:1800+30"]

1. e4 {[%emt 0:00:00]} c5 {[%emt 0:00:00]} 2. Nf3 {[%emt 0:00:00]} e6 {[%emt 0:00:00]} 3. d4 {[%emt 0:00:00]} cxd4 {[%emt 0:00:00]} 4. Nxd4 {[%emt 0:00:00]} Nc6 {[%emt 0:00:04]} 5. Nc3 {[%emt 0:01:51]} Qc7 {[%emt 0:00:19]} 6. Be3 {[%emt 0:00:49]} a6 {[%emt 0:00:37]} 7. Qd2 {[%emt 0:01:09]} Nf6 {[%emt 0:01:27]} 8. f3 {[%emt 0:01:34]} Be7 {[%emt 0:00:35]} 9. O-O-O {[%emt 0:00:46]} b5 {[%emt 0:00:14]} 10. g4 {[%emt 0:01:35]} Nxd4 {[%emt 0:00:23]} 11. Bxd4 {[%emt 0:03:31]} Bb7 {[%emt 0:00:24]} 12. Ne2 {[%emt 0:09:45]} Rc8 {[%emt 0:06:05]} 13. Kb1 {[%emt 0:01:50]} O-O {[%emt 0:03:48]} 14. h4 {[%emt 0:19:00]} e5 {[%emt 0:09:00]} 15. Be3 {[%emt 0:07:06]} d5 {[%emt 0:02:01]} 16. g5 {[%emt 0:03:48]} d4 {[%emt 0:02:05]} 17. Bxd4 {[%emt 0:04:50]} Nxe4 {[%emt 0:02:27]} 18. Qd3 {[%emt 0:00:17]} Nf2 {[%emt 0:17:11]} 19. Bxf2 {[%emt 0:03:00]} Rcd8 {[%emt 0:16:56]} 20. Nd4 {[%emt 0:02:11]} exd4 {[%emt 0:00:08]} 21. Qf5 {[%emt 0:02:16]} g6 {[%emt 0:02:44]} 22. Qg4 {[%emt 0:00:52]} Qc6 {[%emt 0:03:06]} 23. Be2 {[%emt 0:04:53]} Bc8 {[%emt 0:03:40]} 24. Qf4 {[%emt 0:08:13]} Bf5 {[%emt 0:00:51]} 25. Bd3 {[%emt 0:00:32]} Bd6 {[%emt 0:00:25]} 26. Qxd4 {[%emt 0:05:56]} Qxf3 {[%emt 0:00:34]} 27. Qf6 {[%emt 0:07:40]} Be7 {[%emt 0:05:51]} 28. Qxe7 {[%emt 0:01:08]} Qxf2 {[%emt 0:07:09]} 29. Rdf1 {[%emt 0:03:43]} Qg2 {[%emt 0:05:21]} 30. Bxf5 {[%emt 0:01:10]} gxf5 {[%emt 0:00:06]} 31. h5 {[%emt 0:01:35]} Rd2 {[%emt 0:01:23]} 32. g6 {[%emt 0:00:36]} Rxc2 {[%emt 0:06:24]} 33. gxf7+ {[%emt 0:01:20]} Rxf7 {[%emt 0:00:17]} 34. Qe8+ {[%emt 0:00:18]} Kg7 {[%emt 0:00:11]} 35. h6+ {[%emt 0:02:27]} Kf6 {[%emt 0:00:08]} 36. Qh8+ {[%emt 0:00:12]} Ke7 {[%emt 0:00:14]} 37. Qe5+ {[%emt 0:00:24]} Kd7 {[%emt 0:01:01]} 38. Rd1+ {[%emt 0:00:37]} Rd2 {[%emt 0:00:13]} 39. Rhe1 {[%emt 0:01:46]} Rf8 {[%emt 0:01:20]} 40. Qe7+ {[%emt 0:00:29]} Kc6 {[%emt 0:00:10]} 41. Re6+ {[%emt 0:30:36]} Kd5 {normal} 1-0

[Event "GER-ch Youth ODJM 2019"]
[Site "Willingen"]
[Date "2019.06.12"]
[Round "6.13"]
[White "Nasoyan, Maksim"]
[Black "Wuebker, Paul-Luca"]
[Result "0-1"]
[WhiteElo "1877"]
[BlackElo "2035"]
[Annotator "NA"]
[PlyCount "106"]
[EventDate "2019.06.07"]
[EventType "swiss"]
[EventRounds "9"]
[EventCountry "GER"]
[SourceTitle "playchess.com"]
[Source "ChessBase"]
[SourceQuality "1"]
[TimeControl "40/5400+30:1800+30"]

1. e4 {[%emt 0:00:00]} c5 {[%emt 0:00:00]} 2. Nf3 {[%emt 0:00:00]} d6 {[%emt 0:00:00]} 3. d4 {[%emt 0:00:00]} cxd4 {[%emt 0:00:00]} 4. Nxd4 {[%emt 0:00:00]} Nf6 {[%emt 0:00:00]} 5. Nc3 {[%emt 0:00:00]} g6 {[%emt 0:00:04]} 6. f3 {[%emt 0:00:11]} Bg7 {[%emt 0:00:05]} 7. Be3 {[%emt 0:00:03]} O-O {[%emt 0:00:08]} 8. Qd2 {[%emt 0:00:01]} Nc6 {[%emt 0:00:07]} 9. g4 {[%emt 0:00:03]} Be6 {[%emt 0:00:18]} 10. Nxe6 {[%emt 0:00:08]} fxe6 {[%emt 0:00:07]} 11. O-O-O {[%emt 0:00:10]} Ne5 {[%emt 0:01:31]} 12. Be2 {[%emt 0:00:19]} Qc8 {[%emt 0:01:31]} 13. Kb1 {[%emt 0:05:35]} Nfd7 {[%emt 0:04:28]} 14. f4 {[%emt 0:04:39]} Nc4 {[%emt 0:00:25]} 15. Bxc4 {[%emt 0:00:07]} Qxc4 {[%emt 0:00:06]} 16. Qd3 {[%emt 0:00:21]} Qb4 {[%emt 0:03:47]} 17. a3 {[%emt 0:10:46]} Qa5 {[%emt 0:03:30]} 18. Ne2 {[%emt 0:00:59]} Qa4 {[%emt 0:06:40]} 19. e5 {[%emt 0:09:58]} Rad8 {[%emt 0:03:50]} 20. exd6 {[%emt 0:09:40]} Nf6 {[%emt 0:00:22]} 21. dxe7 {[%emt 0:07:10]} Rxd3 {[%emt 0:00:11]} 22. exf8=Q+ {[%emt 0:00:11]} Kxf8 {[%emt 0:00:22]} 23. Bc5+ {[%emt 0:02:47]} Kf7 {[%emt 0:01:00]} 24. Rxd3 {[%emt 0:00:09]} Qc6 {[%emt 0:00:35]} 25. Rhd1 {[%emt 0:02:08]} Qxc5 {[%emt 0:00:10]} 26. g5 {[%emt 0:00:04]} Nd5 {[%emt 0:00:06]} 27. Ng3 {[%emt 0:03:55]} Qc4 {[%emt 0:13:14]} 28. h4 {[%emt 0:05:54]} Bf8 {[%emt 0:03:35]} 29. Rd4 {[%emt 0:01:42]} Qb5 {[%emt 0:00:51]} 30. c4 {[%emt 0:00:51]} Nc3+ {[%emt 0:03:29]} 31. Kc2 {[%emt 0:00:42]} Qa4+ {[%emt 0:00:15]} 32. Kxc3 {[%emt 0:12:27]} Bg7 {[%emt 0:00:08]} 33. R1d3 {[%emt 0:00:29]} Qc6 {[%emt 0:01:49]} 34. Kd2 {[%emt 0:02:17]} Qg2+ {[%emt 0:01:06]} 35. Ne2 {[%emt 0:00:15]} Bxd4 {[%emt 0:00:06]} 36. Rxd4 {[%emt 0:00:03]} Ke7 {[%emt 0:00:08]} 37. c5 {[%emt 0:04:52]} Qh1 {[%emt 0:01:00]} 38. b4 {[%emt 0:07:03]} Qxh4 {[%emt 0:01:14]} 39. b5 Qh1 {[%emt 0:00:17]} 40. Nc3 {[%emt 0:05:55]} Qf3 {[%emt 0:05:11]} 41. a4 {[%emt 0:32:57]} e5 {[%emt 0:32:35]} 42. Re4 {[%emt 0:03:34]} Kd7 {[%emt 0:01:29]} 43. fxe5 {[%emt 0:01:15]} Qf2+ {[%emt 0:02:19]} 44. Kd3 {[%emt 0:00:00]} Qxc5 {[%emt 0:00:00]} 45. e6+ {[%emt 0:00:00]} Ke7 {[%emt 0:00:00]} 46. Re3 {[%emt 0:00:00]} b6 {[%emt 0:00:00]} 47. Ne4 {[%emt 0:00:00]} Qa3+ {[%emt 0:00:00]} 48. Nc3 {[%emt 0:00:00]} Qd6+ {[%emt 0:00:00]} 49. Ke2 {[%emt 0:00:00]} Qc5 {[%emt 0:00:00]} 50. Ne4 {[%emt 0:00:00]} Qc2+ {[%emt 0:00:00]} 51. Kf3 {[%emt 0:00:00]} Kxe6 {[%emt 0:00:00]} 52. Nf6+ {[%emt 0:00:00]} Kf5 {[%emt 0:00:00]} 53. Ng4 {[%emt 0:00:00]} Qd3 {normal} 0-1

[Event "GER-ch Youth ODJM 2019"]
[Site "Willingen"]
[Date "2019.06.12"]
[Round "6.14"]
[White "von Estorff, Jacob"]
[Black "Kolb, Tobias"]
[Result "1-0"]
[WhiteElo "2041"]
[BlackElo "1915"]
[Annotator "NA"]
[PlyCount "55"]
[EventDate "2019.06.07"]
[EventType "swiss"]
[EventRounds "9"]
[EventCountry "GER"]
[SourceTitle "playchess.com"]
[Source "ChessBase"]
[SourceQuality "1"]
[TimeControl "40/5400+30:1800+30"]

1. e4 {[%emt 0:00:00]} c6 {[%emt 0:00:00]} 2. d4 {[%emt 0:00:00]} d5 {[%emt 0:00:00]} 3. e5 {[%emt 0:00:06]} c5 {[%emt 0:00:00]} 4. c3 {[%emt 0:00:41]} Nc6 {[%emt 0:00:00]} 5. Be3 {[%emt 0:02:59]} Nh6 {[%emt 0:01:15]} 6. Bd3 {[%emt 0:04:35]} Nf5 {[%emt 0:01:46]} 7. Nf3 {[%emt 0:01:20]} Nxe3 {[%emt 0:00:46]} 8. fxe3 {[%emt 0:00:07]} Bg4 {[%emt 0:00:50]} 9. Nbd2 {[%emt 0:00:48]} e6 {[%emt 0:00:40]} 10. O-O {[%emt 0:00:57]} Be7 {[%emt 0:01:02]} 11. Kh1 {[%emt 0:06:31]} O-O {[%emt 0:03:37]} 12. h3 {[%emt 0:01:26]} Bh5 {[%emt 0:01:56]} 13. a3 {[%emt 0:01:37]} a6 {[%emt 0:26:40]} 14. Qe1 {[%emt 0:07:26]} b5 {[%emt 0:06:28]} 15. Qg3 {[%emt 0:04:55]} Bg6 {[%emt 0:11:39]} 16. Bxg6 {[%emt 0:00:33]} hxg6 {[%emt 0:00:12]} 17. dxc5 {[%emt 0:08:47]} Bxc5 {[%emt 0:10:00]} 18. Ng5 {[%emt 0:04:50]} Be7 {[%emt 0:00:08]} 19. Ndf3 {[%emt 0:00:52]} Re8 {[%emt 0:12:29]} 20. Nxf7 {[%emt 0:11:00]} Kxf7 {[%emt 0:00:32]} 21. Nd4+ {[%emt 0:01:00]} Kg8 {[%emt 0:02:01]} 22. Nxc6 {[%emt 0:00:19]} Qc7 {[%emt 0:00:29]} 23. Nd4 {[%emt 0:03:14]} Bf6 {[%emt 0:00:57]} 24. Nf3 {[%emt 0:03:25]} a5 {[%emt 0:02:04]} 25. Kh2 {[%emt 0:01:01]} Be7 {[%emt 0:02:09]} 26. Qxg6 {[%emt 0:00:15]} Bc5 {[%emt 0:00:26]} 27. Ng5 {[%emt 0:05:02]} Qxe5+ {[%emt 0:01:53]} 28. Rf4 {[%emt 0:00:12] normal} 1-0

[Event "GER-ch Youth ODJM 2019"]
[Site "Willingen"]
[Date "2019.06.12"]
[Round "6.15"]
[White "Parvanyan, Alfred"]
[Black "Fistoul, Boris"]
[Result "1-0"]
[WhiteElo "2066"]
[BlackElo "1918"]
[Annotator "NA"]
[PlyCount "91"]
[EventDate "2019.06.07"]
[EventType "swiss"]
[EventRounds "9"]
[EventCountry "GER"]
[SourceTitle "playchess.com"]
[Source "ChessBase"]
[SourceQuality "1"]
[TimeControl "40/5400+30:1800+30"]

1. g3 {[%emt 0:00:00]} e6 {[%emt 0:02:02]} 2. Bg2 {[%emt 0:00:00]} f5 {[%emt 0:00:41]} 3. d4 {[%emt 0:00:21]} Nf6 {[%emt 0:00:40]} 4. c4 {[%emt 0:00:14]} g6 {[%emt 0:06:26]} 5. Nf3 {[%emt 0:01:47]} Bg7 {[%emt 0:02:32]} 6. O-O {[%emt 0:00:54]} O-O {[%emt 0:00:35]} 7. Qc2 {[%emt 0:01:45]} d6 {[%emt 0:09:53]} 8. b3 {[%emt 0:02:59]} Nc6 {[%emt 0:04:55]} 9. Bb2 {[%emt 0:00:55]} Ne4 {[%emt 0:08:39]} 10. Rd1 {[%emt 0:02:56]} Qe8 {[%emt 0:01:50]} 11. d5 {[%emt 0:10:41]} Nb4 {[%emt 0:02:18]} 12. Qc1 {[%emt 0:00:08]} e5 {[%emt 0:00:58]} 13. a3 {[%emt 0:10:58]} Na6 {[%emt 0:00:07]} 14. b4 {[%emt 0:00:07]} b6 {[%emt 0:01:48]} 15. Ne1 {[%emt 0:05:26]} Qf7 {[%emt 0:05:22]} 16. Nd3 {[%emt 0:01:42]} Bd7 {[%emt 0:05:40]} 17. a4 {[%emt 0:01:22]} Rae8 {[%emt 0:04:14]} 18. a5 {[%emt 0:05:30]} Bc8 {[%emt 0:00:58]} 19. Nd2 {[%emt 0:13:00]} Bh6 {[%emt 0:07:51]} 20. e3 {[%emt 0:00:44]} Nxd2 {[%emt 0:01:19]} 21. Qxd2 {[%emt 0:00:06]} f4 {[%emt 0:00:46]} 22. exf4 {[%emt 0:01:30]} exf4 {[%emt 0:00:24]} 23. Qc3 {[%emt 0:02:15]} Bg7 {[%emt 0:01:40]} 24. Qxg7+ {[%emt 0:00:09]} Qxg7 {[%emt 0:00:03]} 25. Bxg7 {[%emt 0:00:06]} Kxg7 {[%emt 0:00:11]} 26. axb6 {[%emt 0:02:16]} axb6 {[%emt 0:05:21]} 27. b5 {[%emt 0:01:51]} Nc5 {[%emt 0:00:34]} 28. Nxf4 {[%emt 0:01:30]} g5 {[%emt 0:01:07]} 29. Nd3 {[%emt 0:08:07]} Bg4 {[%emt 0:04:37]} 30. Nxc5 {[%emt 0:01:44]} Bxd1 {[%emt 0:00:34]} 31. Ne6+ {[%emt 0:00:16]} Rxe6 {[%emt 0:00:11]} 32. dxe6 {[%emt 0:00:05]} Bg4 {[%emt 0:00:20]} 33. Bd5 {[%emt 0:04:13]} Re8 {[%emt 0:01:13]} 34. Ra7 {[%emt 0:02:01]} Re7 {[%emt 0:00:54]} 35. f3 {[%emt 0:00:06]} Bh3 {[%emt 0:02:05]} 36. g4 {[%emt 0:04:02]} h5 {[%emt 0:00:55]} 37. Kf2 {[%emt 0:02:26]} hxg4 {[%emt 0:00:56]} 38. Kg3 {[%emt 0:00:27]} Kf6 {[%emt 0:08:29]} 39. fxg4 {[%emt 0:00:32]} Bf1 {[%emt 0:00:26]} 40. Ra3 {[%emt 0:01:49]} Be2 {[%emt 0:03:16]} 41. h3 {[%emt 0:38:36]} Bd1 {[%emt 0:33:40]} 42. Rc3 {[%emt 0:02:28]} Ke5 {[%emt 0:00:00]} 43. Rc1 {[%emt 0:00:00]} Ba4 {[%emt 0:00:00]} 44. Rf1 {[%emt 0:00:00]} Bxb5 {[%emt 0:00:00]} 45. Rf5+ {[%emt 0:00:00]} Kd4 {[%emt 0:00:00]} 46. cxb5 {[%emt 0:00:00] normal Kxd5} 1-0

[Event "GER-ch Youth ODJM 2019"]
[Site "Willingen"]
[Date "2019.06.12"]
[Round "6.16"]
[White "Kracht, Raphael"]
[Black "Gerlach, Felix Tobias"]
[Result "1/2-1/2"]
[WhiteElo "1976"]
[BlackElo "2079"]
[Annotator "NA"]
[PlyCount "51"]
[EventDate "2019.06.07"]
[EventType "swiss"]
[EventRounds "9"]
[EventCountry "GER"]
[SourceTitle "playchess.com"]
[Source "ChessBase"]
[SourceQuality "1"]
[TimeControl "40/5400+30:1800+30"]

1. e4 {[%emt 0:00:00]} e5 {[%emt 0:00:07]} 2. Nf3 {[%emt 0:00:21]} Nc6 {[%emt 0:03:28]} 3. Bb5 {[%emt 0:00:03]} a6 {[%emt 0:00:10]} 4. Bxc6 {[%emt 0:00:08]} dxc6 {[%emt 0:00:17]} 5. O-O {[%emt 0:00:04]} Bd6 {[%emt 0:08:25]} 6. d4 {[%emt 0:00:04]} exd4 {[%emt 0:00:07]} 7. Qxd4 {[%emt 0:00:05]} f6 {[%emt 0:00:08]} 8. Nc3 {[%emt 0:03:34]} Be6 {[%emt 0:10:39]} 9. Be3 {[%emt 0:01:17]} Ne7 {[%emt 0:02:26]} 10. Rad1 {[%emt 0:02:17]} O-O {[%emt 0:03:12]} 11. h3 {[%emt 0:04:56]} Ng6 {[%emt 0:01:57]} 12. Qd2 {[%emt 0:01:05]} Qe7 {[%emt 0:00:54]} 13. Nd4 {[%emt 0:03:20]} Rad8 {[%emt 0:01:47]} 14. Qe2 {[%emt 0:02:28]} Bc8 {[%emt 0:03:04]} 15. Rfe1 {[%emt 0:10:21]} Rfe8 {[%emt 0:01:18]} 16. Nf5 {[%emt 0:11:02]} Qe5 {[%emt 0:08:33]} 17. Nxd6 {[%emt 0:01:00]} cxd6 {[%emt 0:00:49]} 18. Bb6 {[%emt 0:03:46]} Rd7 {[%emt 0:00:21]} 19. g3 {[%emt 0:02:48]} Qe6 {[%emt 0:02:35]} 20. Qh5 {[%emt 0:07:54]} Rde7 {[%emt 0:02:13]} 21. b3 {[%emt 0:08:09]} Qxh3 {[%emt 0:09:59]} 22. Qxh3 {[%emt 0:00:43]} Bxh3 {[%emt 0:00:05]} 23. Rxd6 {[%emt 0:06:53]} f5 {[%emt 0:02:09]} 24. Bd8 {[%emt 0:14:54]} Re6 {[%emt 0:02:56]} 25. Rxe6 {[%emt 0:03:47]} Rxe6 {[%emt 0:01:11]} 26. Re3 {normal} 1/2-1/2

[Event "GER-ch Youth ODJM 2019"]
[Site "Willingen"]
[Date "2019.06.13"]
[Round "7.1"]
[White "Weber, Samuel"]
[Black "Stelmaszyk, Nico"]
[Result "1/2-1/2"]
[WhiteElo "2160"]
[BlackElo "2174"]
[Annotator "TA"]
[PlyCount "125"]
[EventDate "2019.06.07"]
[EventType "swiss"]
[EventRounds "9"]
[EventCountry "GER"]
[SourceTitle "playchess.com"]
[Source "ChessBase"]
[SourceQuality "1"]

{[%evp 12,125,0,0,21,0,3,8,39,17,16,9,60,60,60,58,73,71,101,74,60,62,111,114,118,58,108,64,166,166,182,172,160,133,179,146,187,181,168,170,168,150,149,153,132,109,114,109,109,109,108,64,65,41,101,61,93,83,89,93,90,91,95,94,139,70,70,70,70,70,77,54,77,59,66,48,70,47,70,70,70,70,70,57,70,32,31,29,48,48,50,29,29,29,29,29,29,17,29,29,29,29,58,58,58,58,58,46,46,46,46,46,46,46,46,0]} 1. e4 c5 2. Nf3 e6 3. d3 Nc6 4. g3 g6 5. Bg2 Bg7 6. O-O Nge7 7. c3 e5 {A04: Unusual lines after 1 Nf3 and King's Indian Attack} (7... O-O 8. Re1 e5 9. a3 d6 10. b4 b6 11. Nbd2 h6 12. Bb2 a6 13. Nc4 b5 14. Ne3 a5 15. bxc5 dxc5 16. Nd5 Rb8 17. a4 b4 18. c4 {1-0 (41) Anton Guijarro,D (2642)-Kamsky,G (2666) St Petersburg 2018}) 8. Be3 d6 9. a3 {[%cal Ba2a3,Ba3a4][%mdl 32]} a5 {The position is equal.} 10. a4 O-O 11. Nfd2 f5 $146 (11... Be6 $11) ({Predecessor:} 11... Be6 12. Na3 Qd7 13. Ndc4 Rad8 14. Nb6 Qe8 15. Nb5 {½-½ (38) Greeff,M (2080)-Grabinsky,V (2303) Dubai 2011}) 12. f4 $14 exf4 13. Bxf4 Ne5 14. Nc4 Be6 15. Nba3 (15. exf5 {is interesting.} gxf5 16. Qe2 N7g6 17. Nba3 Nxf4 18. gxf4 Bxc4 19. dxc4 Ng6 20. Qh5) 15... fxe4 16. Bxe5 dxe5 17. Rxf8+ Qxf8 18. dxe4 (18. Bxe4 $16 Nc6 19. Qe2) 18... Nc6 19. Qd6 (19. Nb6 {is interesting.} Rd8 20. Qe2 c4 21. Naxc4 Qc5+ 22. Kh1) 19... Bxc4 ({Black should try} 19... Qxd6 $14 20. Nxd6 Bf8) 20. Qxf8+ $18 Kxf8 21. Nxc4 Rd8 22. Kf2 Ke7 23. Ke2 Bf6 24. Ra3 Kd7 25. Rb3 Kc7 26. Rb5 Be7 27. Bh3 ({Resist} 27. Nxa5 $6 Nxa5 28. Rxa5 Kc6 $14) 27... Rb8 28. Be6 b6 29. Bd5 Na7 30. Rb3 Bf6 31. h4 Nc8 32. Ne3 Ne7 (32... Nd6 $14) 33. c4 Bg7 34. Rd3 Rf8 35. Nd1 Nc8 36. Nc3 {Strongly threatening Nb5+.} Nd6 {[#]} 37. Be6 $1 Re8 38. Bh3 (38. Nb5+ $16 Nxb5 39. Rd7+ {[%mdl 64] Double Attack} Kb8 40. axb5 (40. cxb5 Rxe6 41. Rxg7 h5 $16) 40... Rxe6 41. Rxg7) 38... Kc6 39. Nb5 Rd8 40. b3 Bf6 41. Nc3 Rf8 42. Be6 Bd8 43. Rd1 Be7 44. Rh1 h6 45. Rd1 Bd8 46. Rd3 Be7 47. Bh3 Bd8 48. Rf3 Rxf3 49. Kxf3 $14 {[%mdl 4096] Endgame KBN-KBN} Ne8 50. Be6 Nf6 51. Nd1 Kd6 52. Bf7 g5 53. Ne3 Ke7 $1 {[%cal Re7f7]} 54. Bd5 (54. hxg5 {with more complications.} hxg5 55. Bg6 Ke6 56. Nd5 Ng8 57. Nc3) 54... Kf8 55. hxg5 hxg5 56. Ng4 Nxg4 57. Kxg4 $11 {KB-KB. White is slightly better.} Ke8 $1 58. Kf5 Kd7 59. g4 Kd6 60. Kg6 Be7 61. Kf7 Bd8 62. Ke8 Be7 63. Kf7 {Accuracy: White = 58%, Black = 42%.} 1/2-1/2

[Event "GER-ch Youth ODJM 2019"]
[Site "Willingen"]
[Date "2019.06.13"]
[Round "7.1"]
[White "Schmied, Elias"]
[Black "Astner, Sebastian"]
[Result "0-1"]
[WhiteElo "1669"]
[BlackElo "1870"]
[Annotator "NA RC"]
[PlyCount "64"]
[EventDate "2019.06.07"]
[EventType "swiss"]
[EventRounds "9"]
[EventCountry "GER"]
[SourceTitle "playchess.com"]
[Source "ChessBase"]
[SourceQuality "1"]
[TimeControl "40/5400+30:1800+30"]

1. d4 {[%emt 0:00:00]} d5 {[%emt 0:00:00]} 2. Bf4 {[%emt 0:00:00]} Bf5 {[%emt 0:00:08]} 3. Nf3 {[%emt 0:00:23]} e6 {[%emt 0:00:32]} 4. e3 {[%emt 0:00:58]} Nf6 {[%emt 0:00:14]} 5. Bd3 {[%emt 0:01:46]} Bg6 {[%emt 0:01:17]} 6. O-O {[%emt 0:01:38]} Bd6 {[%emt 0:00:49]} 7. Bg3 {[%emt 0:05:01]} O-O {[%emt 0:01:13]} 8. c4 {[%emt 0:01:59]} c6 {[%emt 0:02:45]} 9. Nc3 {[%emt 0:00:55]} Qc7 {[%emt 0:01:43]} 10. Rc1 {[%emt 0:02:24]} Bxg3 {[%emt 0:01:19]} 11. hxg3 {[%emt 0:00:12]} Nbd7 {[%emt 0:01:15]} 12. cxd5 {[%emt 0:03:49]} exd5 {[%emt 0:00:30]} 13. b4 {[%emt 0:04:21]} Qd6 {[%emt 0:07:04]} 14. Bxg6 {[%emt 0:03:37]} hxg6 {[%emt 0:00:09]} 15. Qb3 {[%emt 0:05:21]} Nb6 {[%emt 0:11:54]} 16. Nd2 {[%emt 0:10:56]} Rfc8 {[%emt 0:05:36]} 17. Rc2 {[%emt 0:07:10]} Qd8 {[%emt 0:05:14]} 18. Rfc1 {[%emt 0:09:13]} Ne8 {[%emt 0:03:55]} 19. b5 {[%emt 0:05:14]} Nd6 {[%emt 0:03:46]} 20. bxc6 {[%emt 0:01:40]} bxc6 {[%emt 0:00:44]} 21. Na4 {[%emt 0:00:47]} Nbc4 {[%emt 0:02:03]} 22. Nb2 {[%emt 0:01:43]} Rab8 {[%emt 0:01:45]} 23. Qc3 {[%emt 0:06:36]} Nb5 {[%emt 0:01:22]} 24. Qd3 {[%emt 0:00:09]} Nba3 {[%emt 0:00:34]} 25. Nbxc4 {[%emt 0:02:47]} Nxc2 {[%emt 0:00:08]} 26. Rxc2 {[%emt 0:00:06]} dxc4 {[%emt 0:00:03]} 27. Qxc4 {[%emt 0:00:06]} Qd5 {[%emt 0:01:22]} 28. Nb3 {[%emt 0:01:56]} Qxc4 {[%emt 0:08:42]} 29. Rxc4 {[%emt 0:00:09]} Kf8 {[%emt 0:00:08]} 30. Na5 {[%emt 0:03:05]} Rb1+ {[%emt 0:01:06]} 31. Kh2 {[%emt 0:00:05]} Ke7 {[%emt 0:01:03]} 32. Rxc6 {[%emt 0:02:27]} Rh8# {normal} 0-1

[Event "GER-ch Youth ODJM 2019"]
[Site "Willingen"]
[Date "2019.06.13"]
[Round "7.2"]
[White "Oberhofer, Cedric"]
[Black "Hesse, Henrik"]
[Result "1-0"]
[WhiteElo "2243"]
[BlackElo "2166"]
[Annotator "TA"]
[PlyCount "63"]
[EventDate "2019.06.07"]
[EventType "swiss"]
[EventRounds "9"]
[EventCountry "GER"]
[SourceTitle "playchess.com"]
[Source "ChessBase"]
[SourceQuality "1"]

{[%evp 21,63,11,8,8,10,8,14,11,8,7,9,6,9,8,15,13,9,9,33,35,47,22,22,29,64,13,57,34,70,77,243,241,210,206,414,406,750,398,1224,1212,1610,1474,29998,29999]} 1. d4 Nf6 2. c4 e6 3. Nf3 d5 4. g3 Be7 5. Bg2 O-O 6. O-O dxc4 7. Qc2 a6 8. a4 Bd7 9. Qxc4 Bc6 10. Bg5 Nbd7 {[%cal Bb8d7,Bd7f6,Bf6d5,Bd5b4][%mdl 32]} 11. Nc3 h6 12. Bxf6 {E05: Open Catalan: 5 Nf3 Be7} Nxf6 13. Rfd1 (13. b4 Qd6 14. b5 axb5 15. axb5 Bd5 16. Nxd5 Nxd5 17. e3 Qb4 18. Qxb4 Bxb4 19. Ne5 Bd6 20. Nc4 Bb4 21. Rfc1 {½-½ (33) Sargissian,G (2689)-Wang,H (2714) chess.com INT 2019}) 13... Qd6 14. Qd3 {The position is equal.} Bxf3 $146 ({Predecessor:} 14... Rfd8 15. e4 Qb4 16. Qc2 Qb6 17. a5 Qa7 18. Qd3 b5 19. axb6 Qxb6 {½-½ (28) Vadasz,L (2305)-Almasi,I (2430) Ajka 1992}) 15. Bxf3 c6 16. b4 Nd5 17. Ne4 Qc7 18. b5 cxb5 19. axb5 Nb4 20. Qb3 $36 {[%mdl 2048] White has some pressure.} a5 21. Rdc1 Qb6 22. Nc5 Bxc5 23. Rxc5 (23. dxc5 $14 Qxb5 24. c6 bxc6 {[#]} 25. Bxc6 $1 {[%mdl 576] Double Attack} Qxe2 26. Bxa8 Rxa8 27. Rc5) 23... Rfd8 (23... e5 $5) 24. e3 Rac8 25. Qc4 Rxc5 $2 (25... Rb8 $16) 26. dxc5 $18 ({Much less strong is} 26. Qxc5 $6 Qxc5 27. dxc5 Rc8 $16) 26... Qc7 27. b6 Qe5 $2 (27... Qd7 {was worth a try.} 28. Rxa5 Nc6) 28. Rxa5 Qf5 (28... Nd5 $142 29. c6 Nxb6) 29. Qe4 ({Not} 29. Bxb7 Rd1+ 30. Kg2 Nd3 $11) 29... Rd1+ $2 (29... Qxe4 30. Bxe4 Rb8) 30. Kg2 Qxe4 31. Bxe4 {[#] Ra8+ would kill now.} Rd7 32. Ra8+ {Accuracy: White = 71%, Black = 28%.} 1-0